000
00250 a2200109 4500
001
63373
082
_a
005.133 PER
090
_c
37424
_d
37424
100
_a
Perry, G
245
_a
C by Example Vol II
_h
English
260
_b
Prentic Hall Publication
942
_a
CAE NUST
_k
005.133 PER
999
_c
298446
_d
298446